Statistiken für Länder der Welt von Ersten 2 Buchstaben in 90 Sekunden

Klicken Sie hier um das Quiz zu spielen!

Allgemein

  • Dieses Quiz wurde 16,647 mal gespielt
  • Das Durchschnittsergebnis liegt bei 119 aus 204

Antwortstatistiken

Land % Korrekt
Dem Rep Kongo
97%
Kambodscha
93%
Kamerun
93%
Kanada
93%
Kasachstan
93%
Katar
93%
China
91%
Chile
91%
Ruanda
90%
Russland
90%
Rumänien
90%
Deutschland
89%
Brasilien
86%
Venezuela
86%
Vereinigtes Königreich
86%
Vereinigte Arabische
Emirate
86%
Vereinigte Staaten
86%
Brunei
86%
Malta
83%
Mexiko
83%
Mazedonien
83%
Frankreich
83%
Suriname
83%
Südsudan
83%
Mauritius
83%
Südkorea
83%
Mali
83%
Mauretanien
83%
Marshallinseln
83%
Marokko
83%
Sudan
83%
Madagaskar
83%
Malawi
83%
Malediven
83%
Südafrika
83%
Malaysien
83%
Aruba
81%
Schweiz
81%
Armenien
81%
Argentinien
81%
Schweden
81%
Indonesien
80%
Indien
80%
Nordkorea
80%
Australien
80%
Norwegen
80%
St Kitts und Nevis
78%
St Vincent und die
Grenadinen
78%
Polen
78%
St Lucia
78%
Portugal
78%
Spanien
78%
Irak
78%
Iran
78%
Irland
78%
San Marino
75%
Mongolei
75%
Montenegro
75%
Monaco
75%
Moldawien
75%
Usbekistan
75%
São Tomé und
Príncipe
75%
Samoa
75%
Saudi-Arabien
75%
Mosambik
75%
Sambia
75%
Salomonen
75%
Pakistan
75%
Palästina
75%
Palau
75%
Panama
75%
Papua-Neuguinea
75%
Paraguay
75%
Liechtenstein
74%
Libyen
74%
Litauen
74%
Nigeria
74%
Nicaragua
74%
Niederlande
74%
Niger
74%
Niue
74%
Libanon
74%
Liberia
74%
Algerien
73%
Finnland
73%
Fidschi
73%
Republik Kongo
73%
Albanien
73%
Kolumbien
72%
Komoren
72%
Kosovo
72%
Botswana
68%
Bolivien
68%
Dänemark
68%
Bosnien und
Herzegowina
68%
Turkmenistan
68%
Türkei
68%
Tuvalu
68%
Tunesien
68%
Peru
65%
Israel
64%
Island
64%
Italien
63%
Ägypten
62%
Belgien
60%
Benin
60%
Belize
60%
Japan
58%
Jamaika
58%
Neuseeland
55%
Nepal
55%
Antigua und Barbuda
54%
Angola
54%
Andorra
54%
Ukraine
52%
Tschad
52%
Tschechien
52%
Nauru
51%
Namibia
51%
Somalia
51%
Lesotho
51%
Lettland
51%
Guyana
47%
Guinea-Bissau
47%
Guinea
47%
Guatemala
47%
Uruguay
46%
Äthiopien
46%
Tadschikistan
45%
Taiwan
45%
Tansania
45%
Jemen
45%
Bangladesch
44%
Bahrain
44%
Bahamas
44%
Barbados
44%
Ecuador
44%
Grenada
44%
Griechenland
44%
Grönland
44%
Sint Maarten
43%
Estland
43%
Kuwait
42%
Kuba
42%
Serbien
42%
Seychellen
42%
Burkina Faso
42%
Burundi
42%
Senegal
42%
Oman
42%
Bulgarien
42%
Thailand
41%
Weißrussland
40%
Timor-Leste
40%
Afghanistan
40%
Österreich
38%
Kenia
37%
Vietnam
37%
Laos
36%
Sierra Leone
35%
Simbabwe
35%
Singapur
35%
Kirgisistan
34%
Kiribati
34%
El Salvador
32%
Cookinseln
32%
Costa Rica
32%
Côte d’Ivoire
32%
Honduras
31%
Dominikanische
Republik
31%
Dominica
31%
Ungarn
30%
Haiti
30%
Togo
29%
Tonga
29%
Myanmar
29%
Slowenien
28%
Slowakei
28%
Gambia
28%
Gabun
28%
Philippinen
28%
Föderierte Staaten
von Mikronesien
27%
Ghana
27%
Vatikanstadt
26%
Vanuatu
26%
Syrien
25%
Sri Lanka
24%
Luxemburg
24%
Kroatien
24%
Aserbaidschan
24%
Eritrea
24%
Jordanien
23%
Swasiland
23%
Zentralafrikanische
Republik
22%
Georgien
22%
Uganda
21%
Äquatorial-Guinea
20%
Bhutan
20%
Dschibuti
17%
Cabo Verde
17%
Zypern
15%
Trinidad und Tobago
13%
Färöer-Inseln
12%
Curaçao
11%

Verteilung der Resultate

Perzentil nach korrekt beantworteten Fragen

Anzahl Personen mit jedem Resultat

Ihre Resultats-Entwicklung

Sie haben dieses Quiz noch nicht gespielt